| 000 | 00849nam a22002057a 4500 | ||
|---|---|---|---|
| 999 |
_c18473 _d18473 |
||
| 005 | 20181218110844.0 | ||
| 010 | _aB-274258-278 | ||
| 020 |
_a9788189866341 _c225.00 |
||
| 035 | _aB-274258-278 | ||
| 082 | _a621.3 | ||
| 100 | _aSrinivas, K.N. | ||
| 245 |
_aBasics electrical engineering / _cby K.N. Srinivas |
||
| 260 |
_aNew Delhi _bI.K. International Publishing House _c2007 |
||
| 270 |
_aS-25, Green Park Extension, Uphaar Cinema Market, _bNew Delhi _e110016 |
||
| 300 |
_axii, 364p. _c24cm (pbk) |
||
| 500 | _aIncluses index | ||
| 942 |
_2ddc _cEN _mSRI _h621.3 |
||